000
00216 a2200097 4500
001
34506
100
_a
Mueller
245
_a
Upgrading and Repairing PCs
260
_a
Inkdiana
_b
Que Corp
_c
1988
090
_c
22788
_d
22788
942
_a
NUST-CAE
_c
_c
14211
999
_c
269579
_d
269579